NCAA Men's Cross Country Champions - Statistics

General Stats
  • This quiz has been taken 134 times
  • The average score is 51 of 85
Answer Stats
Year Team % Correct
1971 Oregon
92%
1973 Oregon
92%
1974 Oregon
92%
1977 Oregon
92%
2007 Oregon
92%
2008 Oregon
92%
1942 Indiana/Penn St.
81%
2019 BYU
80%
2001 Colorado
79%
2004 Colorado
79%
2006 Colorado
79%
2013 Colorado
79%
2014 Colorado
79%
1982 Wisconsin
78%
1985 Wisconsin
78%
1988 Wisconsin
78%
2005 Wisconsin
78%
2011 Wisconsin
78%
1938 Indiana
76%
1940 Indiana
76%
1996 Stanford
75%
1997 Stanford
75%
2002 Stanford
75%
2003 Stanford
75%
1984 Arkansas
73%
1986 Arkansas
73%
1987 Arkansas
73%
1990 Arkansas
73%
1991 Arkansas
73%
1992 Arkansas
73%
1993 Arkansas
73%
1995 Arkansas
73%
1998 Arkansas
73%
1999 Arkansas
73%
2000 Arkansas
73%
1939 Michigan St.
72%
1948 Michigan St.
72%
1949 Michigan St.
72%
1952 Michigan St.
72%
1955 Michigan St.
72%
1956 Michigan St.
72%
1958 Michigan St.
72%
1959 Michigan St.
72%
1953 Kansas
70%
1947 Penn St.
69%
1950 Penn St.
69%
1954 Oklahoma St.
68%
2009 Oklahoma St.
68%
2010 Oklahoma St.
68%
2012 Oklahoma St.
68%
2023 Oklahoma St.
68%
1961 Oregon St.
68%
1972 Tennessee
63%
1989 Iowa St.
60%
1994 Iowa St.
60%
1951 Syracuse
55%
2015 Syracuse
55%
1957 Notre Dame
54%
2016 Northern Arizona
50%
2017 Northern Arizona
50%
2018 Northern Arizona
50%
2020 Northern Arizona
50%
2021 Northern Arizona
50%
2022 Northern Arizona
50%
1966 Villanova
46%
1967 Villanova
46%
1968 Villanova
46%
1970 Villanova
46%
1969 UTEP
28%
1975 UTEP
28%
1976 UTEP
28%
1978 UTEP
28%
1979 UTEP
28%
1980 UTEP
28%
1981 UTEP
28%
1983 *UTEP
28%
1960 Houston
27%
1962 San Jose St.
15%
1963 San Jose St.
15%
1944 Drake
13%
1945 Drake
13%
1946 Drake
13%
1941 Rhode Island
13%
1964 Western Michigan
13%
1965 Western Michigan
13%
No matching quizzes found
Score Distribution
Percent of People with Each Score
Percentile by Number Answered
Your Score History
You have not taken this quiz